01413nam a22003854a 4500001001200000003000800012006001900020007001500039008004100054010001700095015001900112016001800131020001500149020001800164040002100182035002100203043001200224050002400236082001900260100002100279245009000300250001200390260004300402300001700445490005300462504006600515533015200581650002000733650002900753655002900782710001700811830005400828856012600882999001901008ebr10167439CaPaEBRm u cr cn|||||||||051220s2006 nyu sb 001 0 eng  z 2005056462 aGBA6702762bnb7 z0135321662Uk z1403968632 z9781403968630 aCaPaEBRcCaPaEBR a(OCoLC)182530148 ae-uk-en14aBT82.7b.R45 2006eb04a230.089/962221 aReddie, Anthony.10aBlack theology in transatlantic dialogueh[electronic resource] /cAnthony G. Reddie. a1st ed. aNew York :bPalgrave Macmillan,c2006. axiii, 250 p.1 aBlack religion, womanist thought, social justice aIncludes bibliographical references (p. [205]-245) and index. aElectronic reproduction.bPalo Alto, Calif. :cebrary,d2013.nAvailable via World Wide Web.nAccess may be limited to ebrary affiliated libraries. 0aBlack theology. 0aTheologyzGreat Britain. 7aElectronic books.2local2 aebrary, Inc. 0aBlack religion, womanist thought, social justice.40uhttp://site.ebrary.com/lib/rucke/Doc?id=10167439zAn electronic book accessible through the World Wide Web; click to view c136503d136503